00423nam a2200181Ia 4500003000500000008004100005020001800046040001900064082000700083100002900090245003300119246002100152250000600173260003000179300001000209365000800219546001400227STCL221019s9999 xx 000 0 und d a9788126466160 aSTCLcSTCLbEN 222 aPathummakutty, Kandathil 0aബീർബൽ കഥകൾ aBeerbal kathakal a3 bD C BooksaKottayamc2018 a606 p b450 aMalayalam